| 000 | 00676nam a2200217Ia 4500 | ||
|---|---|---|---|
| 008 | 191130s2009##################000#0#eng## | ||
| 020 | _a9781412922593 | ||
| 022 | _a2008929611 | ||
| 040 |
_aACL _cACL |
||
| 082 | _a362.1068 PAR | ||
| 100 | _aParkin, Paul | ||
| 245 |
_aManaging change in healthcare : using action research _cPaul Parkin |
||
| 260 |
_aThousand Oaks, CA _bSAGE _c2009 |
||
| 300 | _a238 p. : ill. ; 25 cm | ||
| 500 | _aIncludes bibliographical references (p. 210-233) and index | ||
| 650 | _aAction research - Great Britain | ||
| 650 | _aMedical care - Great Britain | ||
| 990 | _acfd326e2ac10000c368c1d7215cf049c | ||
| 991 | _a364124 | ||
| 999 |
_c2466 _d2466 |
||